| 000 | 00836nam a2200325Ia 4500 | ||
|---|---|---|---|
| 003 | AR-RoIUNI | ||
| 005 | 20241122062816.0 | ||
| 007 | ta | ||
| 008 | 150616s2013 ag 000 0 spa d | ||
| 020 | _a9789500203715 | ||
| 040 |
_cIUNIR _bSpa _eAnglo |
||
| 080 | _a617.5 FER | ||
| 100 | 1 | _aFerraina, Pedro. | |
| 245 | 1 | 0 |
_aCirugia de Michans _cPedro Ferraina , Alejandro Oria. |
| 250 | _a5a ed. | ||
| 260 |
_aBuenos Aires : _bEl Ateneo, _c2013. |
||
| 300 |
_a1096 p. ; _c28 cm. |
||
| 650 | 1 | 0 |
_aMedicina _958 |
| 650 | 1 | 0 |
_aCirugía _978 |
| 650 | 4 | _aINFECCIONES | |
| 650 | 4 | _aTROMBOSIS | |
| 650 | 4 | _aANESTESIOLOGÍA | |
| 650 | 4 | _aCICATRIZACIÓN DE HERIDAS | |
| 650 | 4 | _aHERIDAS Y TRAUMATISMOS | |
| 650 | 4 | _aMAMA | |
| 650 | 4 | _aTORAX | |
| 650 | 4 | _aABDOMEN | |
| 650 | 4 | _aTRASPLANTE DE ÓRGANOS | |
| 942 |
_cBK _2cdu |
||
| 999 |
_c2036 _d2036 |
||